El Presidente de la Diputación visita el Monasterio de Nuestra Señora de Montserrat
Publicado:
San Jorge, núm. 67 - 68 (2n semestre 1967), pàg 88 - 95 :
MARC
| LEADER | 00000nam a2200000Ia 4500 | ||
|---|---|---|---|
| 008 | 160829s9999 xx 000 0 cat d | ||
| 245 | |a El Presidente de la Diputación visita el Monasterio de Nuestra Señora de Montserrat | ||
| 260 | |a San Jorge, núm. 67 - 68 (2n semestre 1967), pàg 88 - 95 | ||
| 600 | 0 | |a Muller i d'Abadal, Josep M., |d 1919-1981 |9 28922 | |
| 600 | 1 | 0 | |a Albareda, Anselm M., |d 1892-1966 |x Medalles |9 56137 |
| 610 | 2 | 0 | |a Montserrat (Monestir) |9 54252 |
| 650 | 0 | |a Medalla d'Or de la Provincia de Barcelona |9 30314 | |
| 650 | 0 | |a Visites oficials |9 55366 |z Montserrat (Catalunya : Massís) | |
| 901 | |a Arxiu | ||
| 942 | |n 1 |2 udc | ||
| 952 | |0 0 |1 0 |4 0 |7 1 |9 49865 |a Arxiu |b Arxiu |d 2016-12-01 |l 0 |r 2016-12-01 00:00:00 |w 2016-12-01 |y ARXIU | ||
| 999 | |c 53707 |d 53707 | ||